logo

Bir Sreshtho Munshi Abdur Rouf Library
Jhenaidah Cadet College

উপন্যাস সমগ্র / (Record no. 10640)

MARC details
000 -LEADER
fixed length control field 00720nam a2200229 a 4500
001 - CONTROL NUMBER
JCCL Control Number 10640
003 - CONTROL NUMBER IDENTIFIER
JCCL marc code BD-JhCC
005 - DATE AND TIME OF LATEST TRANSACTION
control field 20230205134024.0
008 - FIXED-LENGTH DATA ELEMENTS--GENERAL INFORMATION
fixed length control field 180801s20102000bg |||| |||| 000 0 ben d
020 ## - INTERNATIONAL STANDARD BOOK NUMBER
International Standard Book Number 9844582288
035 ## - SYSTEM CONTROL NUMBER
system control number (BD-JhCC)10640
040 ## - CATALOGING SOURCE
Original cataloging agency BD-JhCC
Modifying agency BD-JhCC
041 ## - LANGUAGE CODE
Language code of Book ben
082 ## - DEWEY DECIMAL CLASSIFICATION NUMBER
Classification number 891.443
Author mark and Year OSM 2010
100 ## - MAIN ENTRY--PERSONAL NAME
Personal name ওসমান, শওকত
245 ## - TITLE STATEMENT
Title উপন্যাস সমগ্র /
Statement of responsibility, etc শওকত ওসমান
260 ## - PUBLICATION, DISTRIBUTION, ETC. (IMPRINT)
Place of publication, distribution, etc ঢাকা;
Name of publisher, distributor, etc সময় প্রকাশন,
Date of publication, distribution, etc ২০১০.
300 ## - PHYSICAL DESCRIPTION
Pagination ১-৩ খন্ড ;
Dimensions ২২ সে.মি.
650 ## - SUBJECT ADDED ENTRY--TOPICAL TERM
Topical term or geographic name as entry element Collection Bengali Novel
942 ## - ADDED ENTRY ELEMENTS (KOHA)
Source of classification or shelving scheme Dewey Decimal Classification
Koha item type Books
Koha issues (borrowed), all copies 8
Holdings
Source of classification or shelving scheme volume number Damaged status Not for loan Home library Current library Shelving location Date of accession Cost, normal purchase price Total Checkouts Full call number Barcode Date last seen Copy number Koha item type Date checked out
Dewey Decimal Classification V-1     JCC Rouf Library JCC Rouf Library General Stacks 08/01/2018 500.00   891.443 OSM 2010 14374 08/01/2018 C-1 Books  
Dewey Decimal Classification V-1     JCC Rouf Library JCC Rouf Library General Stacks 09/26/2024 500.00 3 891.443 OSM 2010 14373 09/29/2024 C-2 Books 09/26/2024
Dewey Decimal Classification V-2     JCC Rouf Library JCC Rouf Library General Stacks   500.00   891.443 OSM 2018 14376 08/01/2018 C-1 Books  
Dewey Decimal Classification V-2     JCC Rouf Library JCC Rouf Library General Stacks   500.00 1 891.443 OSM 2018 14375 04/23/2019 C-2 Books 02/25/2019
Dewey Decimal Classification V-3     JCC Rouf Library JCC Rouf Library General Stacks 08/01/2018 325.00 1 891.443 OSM 2018 14378 07/03/2024 C-1 Books 02/04/2023
Dewey Decimal Classification V-3     JCC Rouf Library JCC Rouf Library General Stacks 08/01/2018 325.00 1 891.443 OSM 2018 14377 07/08/2019 C-2 Books 06/24/2019

JCC Library | Contacts | JCC Home

Last Update on 23 September 2017
Copyright @ 2017-2020 JCC Rouf Library
Rouf Library, Jhenidah Cadet College (JCC), Bangladesh